vufinder Bibliothèque Municipale de Charleval de Provence
Se connecter

Linge ancien

couture, broderie et cartonnage

Book Cover
Auteur principal: Sylvie Castellano
D'autres auteurs: Fabrice Besse Iwona Seris
Support: Livres
Langue: Francais
Publié: 2011 Mango-Pratique Paris
Genre: Documentaire
Sujets:
Étiquettes: Ajouter
Pas de Tags !

LEADER 01028nam0a2200229 450
001 16848359
010 |a 978-2-8125-0047-3  |b Cart.  |d 20 € 
100 |a 20110208d2011 u u0frey01 ba 
101 0 |a fre 
102 |a FR 
200 0 |a Linge ancien  |e couture, broderie et cartonnage  |f Sylvie Castellano  |g photographies Fabrice Besse - illustrations Iwona Seris 
207 1 |a   
210 |a Paris  |c Mango-Pratique  |d 2011 
215 |a 95 p.  |c illustrations en noir et en couleur  |d 29 x 25 cm 
300 |a Lexique. 
330 |a Présente une vingtaine de projets couture et cartonnage pour transformer le linge ancien : torchons, tissus fleuris, serviettes monogrammées, linge brodé, etc. Avec une liste du matériel nécessaire et une liste des bonnes adresses. 
700 0 |a Castellano  |b Sylvie  |4 70 
702 0 |a Besse  |b Fabrice  |4 600 
702 0 |a Seris  |b Iwona  |4 440 
900 |a Documentaire 
901 |a Accessible au prêt 
995 |a Bibliothèque  |c Bibliothèque  |f 00156008227944  |h 00156008227944  |k 745.59 CAS  |o p  |q a  |r az  |e Bibliothèque 

Options de recherche

Historique de recherche
Recherche avancée

Trouver plus

Nouveautés

Besoin d'aide ?

Contacter un bibliothécaire